Entry Personal Name
Number of records used in: 1
001 - CONTROL NUMBER
003 - CONTROL NUMBER IDENTIFIER
005 - DATE AND TIME OF LATEST TRANSACTION
- control field:
20250410104307.0
008 - FIXED-LENGTH DATA ELEMENTS
- fixed length control field:
250410|| aca||aabn | a|a d
040 ## - CATALOGING SOURCE
- Original cataloging agency:
JRU
- Transcribing agency:
JRU
100 ## - HEADING--PERSONAL NAME
- Personal name:
CAMERON, MICHELLE H
670 ## - SOURCE DATA FOUND
- Source citation:
Work cat.: (JRU)8734: CAMERON, MICHELLE H., PHYSICAL AGENTS IN REHABILITATION : an evidence-based approach to practice, 2023